000
00306pab a2200121 454500
008
180718b xxu||||| |||| 00| 0 eng d
100
_a
Ghatak, Aditi Roy
245
_a
Saving the city: will Calcutta breathe again?
650
_a
Calcutta
650
_a
Cities and Towns
773
_a
Statesman
909
_a
23346
999
_c
23346
_d
23346